00926cas a22002177a 4500999001500000003000400015005001700019008004100036040001400077245014800091260007900239310001500318362001000333650007500343650004300418700002000461710005000481856006600531942001500597952009600612 c6995d6995OSt20231121114412.0170131c1995 xxcz||wso|||||0|| 00eng|d bcatcCDMR10aWho Makes the News? b: Global Media Monitoring Project (GMMP) [recurs electrònic] / cWorld Association for Christian Communication (WACC)  a[Toronto] :bWorld Association for Christian Communication (WACC),c1995 - aQuinquenal a1995- 7aDones en els mitjans de comunicació de massaxEstadístiques2lemac 7aDonesxCobertura periodística2lemac1 aMacharia, Sarah2 aWorld Association for Christian Communication uhttps://whomakesthenews.org/gmmp-reports/zAccés en línia cSER-E2udc 00104070aCDMRbCDMRd2017-01-31l0oDisponible en líniar2017-01-31w2017-01-31ySER-E